000 00343nam a22001337a 4500
003 SGT
020 _a9789390101986
082 _a954
_bE20S
100 _aशर्मा, हेमंत
245 _a एकदा भारतवर्षे
260 _bप्रभात प्रकाशन
_c2020
300 _a352
942 _2ddc
_cBK
999 _c27906
_d27906